Statistics for Smallest English Towns/Cities with a Football Club

Click here to take the quiz!

General Stats

  • This quiz has been taken 293 times
    (279 since last reset)
  • The average score is 7 of 19

Answer Stats

LeaguePopulationCity/TownTeam% Correct
League Two74,915CarlisleCarlisle United
58%
Championship82,149BurnleyBurnley
53%
League Two88,500GrimsbyGrimsby Town
43%
Championship99,198PrestonPreston North End
42%
League One 73,578CreweCrewe Alexandra
40%
League One96,878BarnsleyBarnsley
39%
League One25,659FleetwoodFleetwood Town
39%
League One36,336AccringtonAccrington Stanley
38%
League One33,491MorecambeMorecambe
37%
League Two89,610HartlepoolHartlepool United
35%
League One75,931Burton upon TrentBurton Albion
34%
League Two81,816MansfieldMansfield Town
33%
League One 73,838ShrewsburyShrewsbury Town
33%
League Two71,655WalsallWalsall
31%
League Two93,944StevenageStevenage
30%
League Two74,426HarrogateHarrogate Town
29%
League Two44,407Barrow-in-FurnessBarrow
28%
League One6,000NailsworthForest Green Rovers
14%
Championship77,997West BromwichWest Bromwich Albion
14%

Score Distribution

Percentile by Number Answered

Percent of People with Each Score

Your Score History

You have not taken this quiz since the last reset